| 000 | 01151cam a2200325 i 4500 | ||
|---|---|---|---|
| 001 | 57507 | ||
| 003 | Mx-PuUPA | ||
| 005 | 20250623115716.0 | ||
| 008 | 140415s2011 nyua dr 000 0 eng d | ||
| 020 |
_a9780385738781 _qrústica |
||
| 040 |
_aMx-PuUPA _bspa _cMx-PuUPA _dMx-PuUPA _erda |
||
| 041 | 0 | _aeng | |
| 100 | 1 |
_aDashner, James, _d1972- _eautor _915261 |
|
| 245 | 1 | 0 |
_aThe death cure / _cJames Dashner |
| 250 | _a1st. edition | ||
| 264 | 1 |
_aNew York, NY : _bDelacorte Press, _c2011 |
|
| 300 |
_a325 páginas, 36 páginas sin numerar : _bilustraciones ; _c21 cm. |
||
| 336 |
_2rdacontent _atexto _btxt |
||
| 337 |
_2rdamedia _asin medio _bn |
||
| 338 |
_2rdacarrier _avolumen _bnc |
||
| 490 | 0 |
_aThe Maze Runner Series ; _vbk.3 |
|
| 650 | 7 |
_2armarc _aVirosis _xNovela |
|
| 650 | 7 |
_2armarc _aMemoria recuperada _xNovela juvenil |
|
| 650 | 7 |
_2armarc _aSupervivencia _xNovela juvenil |
|
| 650 | 7 |
_2armarc _aCiencia ficción |
|
| 785 | 0 | 0 |
_aDashner, James, 1972- _tThe kill order. _dNew York, NY : Delacorte Press, 2009 _w(Mx-PuUPA) 16963 _z9780385742894 |
| 942 |
_2ddc _cLI _h813 _iD22 |
||
| 999 |
_c57507 _d57507 |
||